Introduction à la géohistoire (notice n° 1925386)
[ vue normale ]
| 000 -LEADER | |
|---|---|
| fixed length control field | 01096cam a2200133 4500500 |
| 005 - DATE AND TIME OF LATEST TRANSACTION | |
| control field | 20260329023207.0 |
| 041 ## - LANGUAGE CODE | |
| Language code of text/sound track or separate title | fre |
| 042 ## - AUTHENTICATION CODE | |
| Authentication code | dc |
| 100 10 - MAIN ENTRY--PERSONAL NAME | |
| Personal name | Grataloup, Christian |
| Relator term | author |
| 245 00 - TITLE STATEMENT | |
| Title | Introduction à la géohistoire |
| 260 ## - PUBLICATION, DISTRIBUTION, ETC. | |
| Name of publisher, distributor, etc. | Armand Colin,<br/> |
| Date of publication, distribution, etc. | 2023.<br/> |
| 520 ## - SUMMARY, ETC. | |
| Summary, etc. | La « géohistoire », expression née sous la plume de Fernand Braudel, s’intéresse aux interactions entre les dimensions géographique et historique pour proposer une analyse des sociétés sur le temps long et à différentes échelles. À l’ère de la mondialisation, le croisement des perspectives spatiales et temporelles prend toute son importance et devient presque une nécessité. Ce manuel pédagogique propose une mise au point simple et critique sur les outils d’interface entre histoire et géographie. Assortie de cartes originales et de nombreuses définitions, cette introduction, première du genre, révèle toute la fécondité de l’approche géohistorique. |
| 856 41 - ELECTRONIC LOCATION AND ACCESS | |
| Uniform Resource Identifier | <a href="https://shs.cairn.info/introduction-a-la-geohistoire--9782200636371?lang=fr&redirect-ssocas=7080">https://shs.cairn.info/introduction-a-la-geohistoire--9782200636371?lang=fr&redirect-ssocas=7080</a> |
Pas d'exemplaire disponible.




Réseaux sociaux